[Event "Tehran Alborz op 1st"]
[Site "Tehran"]
[Date "2014.03.06"]
[Round "1"]
[White "Nezamivand Chegini, Yaser"]
[Black "Darini, Pouria"]
[Result "0-1"]
[WhiteElo "1814"]
[BlackElo "2510"]
[PlyCount "76"]
[EventDate "2014.03.06"]
[EventType "swiss"]
[EventRounds "11"]
[EventCountry "IRI"]
[SourceTitle "CBM 159 Extra"]
[Source "ChessBase"]
[SourceDate "2014.04.24"]
[SourceVersion "1"]
[SourceVersionDate "2014.04.24"]
[SourceQuality "1"]

1. e4 c5 2. Nf3 d6 3. Bb5+ Nd7 4. 0-0 a6 5. Bxd7+ Bxd7 6. d4 cxd4 7. Nxd4 Nf6 8. Nc3 g6 9. Bg5 Bg7 10. Qd2 0-0 11. Rfe1 Rc8 12. Nb3 Re8 13. f3 b5 14. Be3 b4 15. Ne2 a5 16. c3 a4 17. Nbd4 bxc3 18. bxc3 Qa5 19. Rab1 e5 20. Nc2 d5 21. Bb6 Qa8 22. Ng3 Qc6 23. c4 dxc4 24. Qf2 Be6 25. Nb4 Qa8 26. a3 c3 27. Ne2 Nd7 28. Be3 f5 29. exf5 gxf5 30. f4 Rc4 31. Rbc1 Nf6 32. fxe5 Ng4 33. Qg3 Bxe5 34. Bf4 Qa7+ 35. Kf1 Rxf4+ 36. Nxf4 Bc4+ 37. Nfd3 Bxd3+ 38. Nxd3 Bxg3 0-1